Urban Mobility System Upgrade (Record no. 116068)

MARC details
000 -LEADER
fixed length control field 01730cam a2200277 4500
001 - CONTROL NUMBER
control field L159638
008 - FIXED-LENGTH DATA ELEMENTS--GENERAL INFORMATION
fixed length control field 060809n2015 000 0 eng u
035 ## - SYSTEM CONTROL NUMBER
System control number (Sirsi) u159638
041 0# - LANGUAGE CODE
Language code of text/sound track or separate title eng
050 04 - LIBRARY OF CONGRESS CALL NUMBER
Classification number 711.52 $2 18
110 2# - MAIN ENTRY--CORPORATE NAME
Corporate name or jurisdiction name as entry element Organisation for Economic Co-operation and Development
245 00 - TITLE STATEMENT
Title Urban Mobility System Upgrade
Remainder of title How shared self-driving cars could change city traffic
Medium [electronic resource]
260 ## - PUBLICATION, DISTRIBUTION, ETC.
Place of publication, distribution, etc. Paris
Name of publisher, distributor, etc. OECD
Date of publication, distribution, etc. 2015
490 #0 - SERIES STATEMENT
Series statement International Transport Forum Policy Papers
Volume/sequential designation March 2015, 1-36 (36)
520 ## - SUMMARY, ETC.
Summary, etc. Examines the changes that might result from the large-scale uptake of a shared and self-driving fleet of vehicles in a mid-sized European city. The study explores two different self-driving vehicle concepts, for which we have coined the terms "TaxiBot" and "AutoVot". TaxiBots are self-driving cars that can be shared simultaneously by several passengers. AutoVots pick-up and drop-off single passengers sequentially.
650 24 - SUBJECT ADDED ENTRY--TOPICAL TERM
Topical term or geographic name entry element SHARED CARS
650 24 - SUBJECT ADDED ENTRY--TOPICAL TERM
Topical term or geographic name entry element SHARED-MOBILITY
650 24 - SUBJECT ADDED ENTRY--TOPICAL TERM
Topical term or geographic name entry element PARKING
650 24 - SUBJECT ADDED ENTRY--TOPICAL TERM
Topical term or geographic name entry element TAXIS
651 ## - SUBJECT ADDED ENTRY--GEOGRAPHIC NAME
Geographic name International
690 ## - LOCAL SUBJECT ADDED ENTRY--TOPICAL TERM (OCLC, RLIN)
Topical term or geographic name as entry element TRANSPORT
710 1# - ADDED ENTRY--CORPORATE NAME
Corporate name or jurisdiction name as entry element Corporate Partnership Board
856 40 - ELECTRONIC LOCATION AND ACCESS
Uniform Resource Identifier <a href="https://www.oecd-ilibrary.org/urban-mobility-system-upgrade_5jlwvzdk29g5.pdf?contentType=%2fns%2fWorkingPaper&itemId=%2fcontent%2fworkingpaper%2f5jlwvzdk29g5-en&mimeType=application%2fpdf&containerItemId=%2fcontent%2fworkingpaperseries%2f24108871&accessItemIds=&option6=imprint&value6=http%3a%2f%2foecd.metastore.ingenta.com%2fcontent%2fimprint%2foecd">https://www.oecd-ilibrary.org/urban-mobility-system-upgrade_5jlwvzdk29g5.pdf?contentType=%2fns%2fWorkingPaper&itemId=%2fcontent%2fworkingpaper%2f5jlwvzdk29g5-en&mimeType=application%2fpdf&containerItemId=%2fcontent%2fworkingpaperseries%2f24108871&accessItemIds=&option6=imprint&value6=http%3a%2f%2foecd.metastore.ingenta.com%2fcontent%2fimprint%2foecd</a>
Public note View the report free of charge at www.oecd-ilibrary.org...
856 40 - ELECTRONIC LOCATION AND ACCESS
Uniform Resource Identifier <a href="https://dx.doi.org/10.1787/5jlwvzdk29g5-en">https://dx.doi.org/10.1787/5jlwvzdk29g5-en</a>
Public note View the report free of charge at www.oecd-ilibrary.org...
942 ## - ADDED ENTRY ELEMENTS (KOHA)
Suppress in OPAC 0
Holdings
Withdrawn status Lost status Source of classification or shelving scheme Damaged status Not for loan Home library Current library Shelving location Date acquired Total Checkouts Full call number Barcode Date last seen Copy number Price effective from Koha item type
    Dewey Decimal Classification     Virtual Virtual Online 01/12/2017   ONLINE PUBLICATION 159638-2001 06/08/2019 1 06/08/2019 Book